Latin American politics: a developmental approach (Record no. 426239)

000 -LEADER
fixed length control field 00507cam a22001457a 4500
008 - FIXED-LENGTH DATA ELEMENTS--GENERAL INFORMATION
fixed length control field 180718b1976 xxu||||| |||| 00| 0 eng d
082 ## - DEWEY DECIMAL CLASSIFICATION NUMBER
Classification number F5x8 D912
100 ## - MAIN ENTRY--PERSONAL NAME
Personal name Duncan, W. Raymond
245 ## - TITLE STATEMENT
Title Latin American politics: a developmental approach
Statement of responsibility, etc. by W. Raymond Duncan
260 ## - PUBLICATION, DISTRIBUTION, ETC.
Place of publication, distribution, etc. New York
Name of publisher, distributor, etc. Praeger
Date of publication, distribution, etc. 1976
300 ## - PHYSICAL DESCRIPTION
Extent x, 277p
650 ## - SUBJECT ADDED ENTRY--TOPICAL TERM
Topical term or geographic name entry element Latin America --Economic conditions --1945-
650 ## - SUBJECT ADDED ENTRY--TOPICAL TERM
Topical term or geographic name entry element Latin America --Social conditions --1945-1982
650 ## - SUBJECT ADDED ENTRY--TOPICAL TERM
Topical term or geographic name entry element Latin America --Politics and government --1948
Holdings
Withdrawn status Lost status Damaged status Not for loan Permanent Location Current Location Date acquired Full call number Barcode Date last seen Price effective from Koha item type
        Indian Institute of Public Administration Indian Institute of Public Administration 2009-10-23 F5x8 D912 52275 2018-07-21 2018-07-21 Book

Powered by Koha